000 00825nam a22002657a 4500
001 BR9606160
003 BR-BrBNA
005 20230928095303.0
007 ta
008 230509b bl.||||| |||| 00| 0 por d
040 _aBR-BrBNA
_bpor
_cBiblioteca Nacional de Agricultura
041 _a(Por)
072 _aJ10
_b0440
_b0100
_b3520
090 _ 0440 BR9606160
110 1 _aMinisterio da Agricultura, Rio de Janeiro, GB (Brasil). Escritorio Tecnico de Agricultura
_96956
245 1 _aInstalacoes de comercializacao para cereais e tuberculos. Brasil. v. 1
260 3 _aKansas City, USA:
_bWeitz - Hettelsater Engineers,
_c1963.
300 _a196 p.
650 _aArmazenamento
650 _aInstalacao Agricola
650 _aCereal
650 _aTuberculo
909 _a202309
_bLucia
_c55
_dLucia Elande
942 _cBK
999 _c55662
_d55662